Statistics for Ultimate Counting to 10 Quiz

Click here to take the quiz!

General Stats

  • This quiz has been taken 153 times
  • The average score is 45 of 200

Answer Stats

Language#Answer% Correct
English1One
98%
English2Two
97%
Mandarin4
96%
English3Three
96%
English8Eight
95%
English5Five
95%
English4Four
95%
Norsk9Ni
95%
Japanese2Ni
95%
English7Seven
95%
English6Six
95%
French6Six
95%
English9Nine
94%
English10Ten
94%
French1Un
82%
Norsk3Tre
80%
Italian3Tre
80%
Swedish3Tre
80%
Hindi2Do
78%
Spanish2Dos
75%
Italian1Uno
74%
Spanish1Uno
74%
Portuguese3Três
71%
Spanish3Tres
71%
Spanish5Cinco
55%
Portuguese5Cinco
55%
Italian6Sei
54%
Spanish8Ocho
49%
Portuguese4Quatro
49%
French2Deux
48%
Spanish9Nueve
48%
Portuguese6Seis
47%
Spanish6Seis
47%
French5Cinq
45%
Spanish7Siete
44%
Spanish4Cuatro
43%
French3Trois
43%
French9Neuf
42%
French7Sept
42%
French8Huit
41%
French10Dix
40%
French4Quatre
39%
German3Drei
37%
Spanish10Diez
36%
German5Fünf
36%
Dutch8Acht
35%
German8Acht
35%
German1Eins
34%
German2Zwei
34%
German7Sieben
33%
German4Vier
33%
Dutch4Vier
33%
German9Neun
32%
German6Sechs
31%
Russian3Tri
31%
German10Zehn
30%
Swedish1En
29%
Korean3Set
29%
Norsk1En
27%
Italian2Due
26%
Japanese3San
23%
Mandarin3Sān
23%
Norsk10Ti
22%
Italian4Quattro
21%
Italian5Cinque
20%
Swedish6Sex
19%
Latin6Sex
19%
Japanese4Shi
19%
Norsk2To
19%
Greek2Duo
18%
Korean4Net
18%
Latin2Duo
16%
Japanese1Ichi
16%
Portuguese9Nove
16%
Italian9Nove
16%
Italian8Otto
16%
Italian7Sette
16%
Mandarin10Shí
16%
Russian2Dva
15%
Japanese5Go
14%
Italian10Dieci
13%
Hindi10Das
12%
Japanese8Hachi
12%
Japanese6Roku
12%
Dutch3Drie
10%
Dutch1Een
10%
Swedish5Fem
10%
Norsk5Fem
10%
Korean1Hana
10%
Portuguese1Um
10%
Latin1Unus
10%
Portuguese10Dez
9%
Portuguese2Dois
9%
Korean2Dul
9%
Polish2Dwa
9%
Swedish4Fyra
9%
Latin8Octo
9%
Russian1Odin
9%
Mandarin7
9%
Portuguese7Sete
9%
Swedish7Sju
9%
Norsk7Sju
9%
Swedish10Tio
9%
Dutch2Twee
9%
Dutch6Zes
9%
Mandarin8
8%
Mandarin2Èr
8%
Swedish9Nio
8%
Russian5Pyat'
8%
Greek3Tria
8%
Swedish2Två
8%
Swedish8Åtta
7%
Hindi1Ek
7%
Polish1Jeden
7%
Japanese10Juu
7%
Japanese9Kyuu
7%
Dutch9Negen
7%
Russian6Shest'
7%
Dutch10Tien
7%
Latin3Tria
7%
Dutch5Vijf
7%
Dutch7Zeven
7%
Norsk8Åtte
6%
Hindi4Chaar
6%
Greek1Ena
6%
Portuguese8Oito
6%
Latin7Septem
6%
Russian8Vosem'
6%
Russian4Chetyre
5%
Latin10Decem
5%
Russian10Desyat'
5%
Russian9Devyat'
5%
Mandarin9Jiǔ
5%
Mandarin6Liù
5%
Latin4Quattuor
5%
Hindi7Saat
5%
Norsk6Seks
5%
Russian7Sem'
5%
Japanese7Shichi
5%
Hindi3Teen
5%
Polish3Trzy
5%
Mandarin5
5%
Mandarin1
5%
Korean9Ahop
4%
Hebrew4Arba
4%
Vietnamese9Chín
4%
Greek10Deka
4%
Norsk4Fire
4%
Latin9Novem
4%
Greek5Pente
4%
Latin5Quinque
4%
Arabic7Sab'a
4%
Arabic6Sitta
4%
Korean10Yeol
4%
Hindi8Aath
3%
Arabic4Arba'a
3%
Greek9Ennia
3%
Arabic5Khamsa
3%
Polish8Osiem
3%
Hebrew3Shalosh
3%
Polish6Sześć
3%
Vietnamese8Tám
3%
Arabic3Thalaatha
3%
Arabic9Tiss'a
3%
Arabic1Wahid
3%
Hebrew1Achat
2%
Arabic10'Ashra
2%
Hebrew5Chamesh
2%
Hindi6Chhah
2%
Polish4Cztery
2%
Korean5Dasot
2%
Polish10Dziesięć
2%
Polish9Dziewięć
2%
Greek7Epta
2%
Hebrew10Eser
2%
Greek6Exi
2%
Vietnamese2Hai
2%
Korean7Ilgup
2%
Arabic2Ithnaan
2%
Hindi9Nau
2%
Greek8Oktw
2%
Polish5Pięć
2%
Vietnamese6Sáu
2%
Hebrew6Sesh
2%
Hebrew7Sheva
2%
Hebrew8Shmoneh
2%
Hebrew2Shtaim
2%
Polish7Siedem
2%
Hebrew9Tesha
2%
Greek4Tessera
2%
Arabic8Thamania
2%
Korean6Yasot
2%
Vietnamese4Bốn
1%
Vietnamese7Bảy
1%
Vietnamese1Một
1%
Vietnamese10Mười
1%
Hindi5Panj
1%
Vietnamese3Số ba
1%
Vietnamese5Số năm
1%
Korean8Yodol
1%

Score Distribution

Percentile by Number Answered

Percent of People with Each Score

Your Score History

You have not taken this quiz